000 00507nam a22001577a 4500
003 NUST
082 _a200
100 _aShafiq, Fizza
_9114357
245 _aUtilisation of OSINT: Empirical Study of CTI Practices in Pakistan/
_cFizza Shafiq,
264 _aIslamabad :
_bSEECS, NUST,
_c2023.
300 _a104 p. ;
_c30 cm.
650 _aMS-Information Security
_927215
700 _aSupervisor: Dr Sana Qadir
_996818
856 _uhttp://10.250.8.41:8080/xmlui/handle/123456789/34159
942 _2ddc
_cSC
999 _c595709
_d595709